[Event "AUTO-ADV-4720"]
[Site "http://www.queenalice.com/game.php?id=1817788"]
[Date "2023.8.1"]
[Round "1"]
[White "Pumpernickel"]
[Black "LYUSS"]
[Result "1-0"]
[WhiteElo "1971"]
[BlackElo "1727"]

1. d4 d5 2. c4 e5 3. dxe5 d4 4. Nf3 c5 5. g3 Nc6 6. Bg2 f6 7. exf6 Nxf6 8. O-O
h6 9. e3 d3 10. Nc3 Bf5 11. Re1 Bg4 12. Bd2 Ne5 13. Qa4+ Bd7 14. Qb3 a6 15. Nxe5
Bd6 16. Ng6 Rh7 17. Nf4 Rb8 18. Ncd5 b5 19. Qxd3 b4 20. Nxf6+ gxf6 21. Qxh7 f5
22. e4 Qf6 23. exf5+ Kd8 24. Rad1 Bxf5 25. Qg8+ Kd7 26. Nd5 Qd4 27. Qf7+ Kc6 28.
Bf4 Rf8 29. Qa7 Qxc4 30. Nf6+ Kb5 31. Rxd6 Ka5 32. Qc7+ Kb5 33. Bc6# 1-0

[Event "AUTO-ADV-4733"]
[Site "http://www.queenalice.com/game.php?id=1821595"]
[Date "2023.9.25"]
[Round "1"]
[White "Olipika"]
[Black "LYUSS"]
[Result "0-1"]
[WhiteElo "1770"]
[BlackElo "1744"]

1. d4 d5 2. Bf4 Nf6 3. Nf3 Nc6 4. e3 h6 5. Bb5 a6 6. Bxc6+ bxc6 7. O-O g5 8. Bg3
Bg7 9. Nbd2 Be6 10. h3 O-O 11. Ne5 Bd7 12. Ndf3 Ne4 13. Nxd7 Qxd7 14. Bh2 g4 15.
hxg4 Qxg4 16. Nd2 Qg6 17. Nxe4 f5 18. Nc5 Rae8 19. Bxc7 f4 20. Bxf4 Rf5 21. Bg3
Rg5 22. c3 e5 23. Nxa6 e4 24. Qe1 Bf6 25. f4 Rxg3 26. f5 Rxg2+ 27. Kh1 Qg4 0-1

[Event "AUTO-ADV-4733"]
[Site "http://www.queenalice.com/game.php?id=1821596"]
[Date "2023.9.25"]
[Round "1"]
[White "LYUSS"]
[Black "Olipika"]
[Result "0-1"]
[WhiteElo "1761"]
[BlackElo "1773"]

1. e4 e6 2. Nf3 d5 3. e5 c5 4. b3 Nc6 5. a3 Nge7 6. d4 Nxd4 7. Nxd4 cxd4 8. Qxd4
Nf5 9. Qa4+ Bd7 10. Qf4 Be7 11. Bd3 h6 12. g4 Nh4 13. Rg1 Bg5 14. Qd4 Nf3+ 15.
Ke2 Nxd4+ 16. Kd1 Bxc1 17. Kxc1 Qc7 18. Nd2 Rc8 19. Re1 Nxc2 20. Kd1 Nxa1 21.
Ke2 Nc2 22. Rb1 Qb6 23. b4 Bb5 24. Rd1 Bxd3+ 25. Kf3 Nd4+ 26. Kg2 Rc2 27. Kh3
Ne2 28. Kg2 Be4+ 29. f3 Bd3 30. h4 Nf4+ 31. Kh2 Qf2+ 0-1

[Event "AUTO-ADV-4733"]
[Site "http://www.queenalice.com/game.php?id=1821607"]
[Date "2023.9.25"]
[Round "1"]
[White "Fauquinelle"]
[Black "LYUSS"]
[Result "1-0"]
[WhiteElo "1986"]
[BlackElo "1765"]

1. c4 c6 2. d4 b6 3. a3 a5 4. Nc3 Ba6 5. e4 e6 6. Be2 g6 7. Nf3 Nf6 8. O-O c5 9.
d5 e5 10. Nxe5 d6 11. Nf3 Nbd7 12. a4 h6 13. b3 Ng4 14. h3 Nge5 15. Bf4 Nxf3+
16. Bxf3 g5 17. Bh2 Bg7 18. Rc1 Bd4 19. Ne2 Bb2 20. Bxd6 Qf6 21. Bh2 h5 22. Rc2
g4 23. hxg4 h4 24. Rxb2 Qxb2 25. Nf4 Qg7 26. Nh3 O-O-O 27. Qe2 Ne5 28. Re1 Rd6
29. g5 Rg6 30. Bg4+ Kd8 31. Bf5 Rd6 32. f4 Ng6 33. e5 Nxf4 34. Nxf4 Qxg5 35. Qe4
Rdh6 36. Nh3 Qg7 37. e6 Ke7 38. d6+ Ke8 39. d7+ Ke7 40. exf7+ Kd8 41. Qe7# 1-0

[Event "AUTO-ADV-4733"]
[Site "http://www.queenalice.com/game.php?id=1821608"]
[Date "2023.9.25"]
[Round "1"]
[White "LYUSS"]
[Black "Fauquinelle"]
[Result "1-0"]
[WhiteElo "1717"]
[BlackElo "1983"]

1. e4 e5 2. Nf3 Nc6 3. Nc3 Nf6 4. Bc4 Bc5 5. Na4 Qe7 6. c3 Nxe4 7. d4 exd4 8.
O-O Nxf2 9. Rxf2 dxc3 10. Nxc5 Qxc5 11. Be3 Qxe3 12. bxc3 f6 13. Qc2 Ne5 14.
Nxe5 fxe5 15. Qf5 g6 16. Qf7+ Kd8 17. Qf6+ Ke8 18. Bf7+ Kf8 19. Bxg6+ 1-0

[Event "AUTO-ADV-4733"]
[Site "http://www.queenalice.com/game.php?id=1821615"]
[Date "2023.9.25"]
[Round "1"]
[White "LYUSS"]
[Black "BeatifulDevil56"]
[Result "0-1"]
[WhiteElo "1758"]
[BlackElo "1992"]

1. e4 e5 2. Nf3 d6 3. h3 Nc6 4. Nc3 f5 5. g4 fxg4 6. hxg4 Bxg4 7. Rg1 Bxf3 8.
Qxf3 Qf6 9. Qh3 Nge7 10. d3 Nd4 11. Kd1 Qf3+ 12. Ke1 Qxh3 13. Bxh3 Nf3+ 14. Kf1
Nxg1 15. Kxg1 g6 16. b3 Bg7 17. Bg5 h6 18. Be3 Bf6 19. Ne2 b6 20. c4 g5 21. a4
Nc6 22. Ng3 h5 23. Bf5 h4 24. Nh1 Kf7 25. Bh3 Nb4 26. Rd1 Rag8 27. Bg4 h3 28.
Kh2 Nc2 29. Bc1 Rg6 30. Ng3 Nd4 31. Bh5 g4 32. Bxg6+ Kxg6 33. f4 exf4 34. Bxf4
Nf3+ 0-1

[Event "AUTO-ADV-4733"]
[Site "http://www.queenalice.com/game.php?id=1821616"]
[Date "2023.9.25"]
[Round "1"]
[White "BeatifulDevil56"]
[Black "LYUSS"]
[Result "1-0"]
[WhiteElo "2011"]
[BlackElo "1739"]

1. e4 e5 2. Bc4 Nh6 3. d3 g5 4. h3 c6 5. Qh5 Qf6 6. Bxg5 Qd6 7. Bxh6 Qf6 8. Bxf8
Rxf8 9. Nd2 d5 10. exd5 b5 11. Bb3 Bf5 12. Qf3 Na6 13. O-O-O cxd5 14. Qxd5 Rd8
15. Qxb5+ Bd7 16. Qb7 Ke7 17. f3 Rb8 18. Qe4 Rfc8 19. Nc4 Qh6+ 20. Kb1 f5 21.
Qxe5+ Be6 22. Qd6+ Kf6 23. Qxa6 Re8 24. Qxa7 Qg6 25. Qd4+ Kf7 26. Ne5+ Kf8 27.
Nxg6+ hxg6 28. Qf6+ Kg8 29. Qxg6+ Kh8 30. Bxe6 Re7 31. Qxf5 Rg7 32. g4 Rgb7 33.
b3 Rf8 34. Qxf8+ Kh7 35. Re1 1-0

[Event "AUTO-ADV-4738"]
[Site "http://www.queenalice.com/game.php?id=1822953"]
[Date "2023.10.13"]
[Round "1"]
[White "AranchiA12"]
[Black "LYUSS"]
[Result "1-0"]
[WhiteElo "1943"]
[BlackElo "1630"]

1. e4 e5 2. Nc3 Nf6 3. Nf3 Bc5 4. d3 h6 5. Nxe5 Qe7 6. f4 d6 7. Nc4 g5 8. f5 d5
9. Nd2 h5 10. Qe2 d4 11. Nd1 Nc6 12. a3 Ne5 13. Nb3 Rh6 14. Bxg5 Rh7 15. Bxf6
Qxf6 16. Nxc5 Qd6 17. Nb3 b6 18. Nf2 Ba6 19. O-O-O O-O-O 20. g3 f6 21. h4 Rg8
22. Rg1 Nc6 23. g4 Qf4+ 24. Kb1 Qd6 25. Bh3 Ne5 26. gxh5 Rgh8 27. Ng4 Rxh5 28.
Nxe5 Qxe5 29. Qg4 Rxh4 30. Qg3 Qe8 31. Nxd4 Rxh3 32. Qg7 Qe5 33. Ne6 R3h7 34.
Qg2 c5 35. d4 Qd6 36. d5 Rh2 37. Qg7 Qe5 38. Qxa7 Rxc2 39. Kxc2 Qxe4+ 40. Kc1
Qc4+ 41. Kb1 Bb7 42. d6 Rh7 43. Rg8+ 1-0

[Event "AUTO-ADV-4738"]
[Site "http://www.queenalice.com/game.php?id=1822954"]
[Date "2023.10.13"]
[Round "1"]
[White "LYUSS"]
[Black "AranchiA12"]
[Result "1/2-1/2"]
[WhiteElo "1627"]
[BlackElo "1896"]

1. e4 c5 2. Bc4 Nc6 3. d3 f6 4. Qh5+ g6 5. Qxc5 e5 6. Qd5 Qe7 7. Qb5 Bg7 8. Nf3
a6 9. Qb3 Qb4+ 10. Bd2 Qxb3 11. axb3 d6 12. Nc3 Nge7 13. O-O-O b5 14. Nd5 bxc4
15. Nc7+ Kf7 16. Nxa8 cxb3 17. cxb3 Be6 18. Nc7 Bxb3 19. Rde1 Rc8 20. Nd5 Nd4+
21. Nc3 d5 22. h4 dxe4 23. Rxe4 Nb5 24. Rb4 Be6 25. Re1 Nd5 26. Rc4 Rb8 27. Rc6
Bf8 28. Rxa6 Bc8 29. Rc6 Ndxc3 30. Bxc3 Bf5 31. Ng5+ fxg5 32. Bxe5 Rd8 33. Rf6+
Kg8 34. Rb6 Bxd3 35. hxg5 Rc8+ 36. Kd2 Bf5 37. Rxb5 Rc2+ 38. Kd1 Bc5 39. Bd4
Bxd4 40. Rb8+ Kf7 41. b4 Rxf2 42. Rbe8 Bg4+ 43. Kc1 Bb2+ 44. Kb1 Bf5+ 45. Ka2
Bc1+ 46. Kb3 Bxg5 47. b5 Bc2+ 48. Kc4 Rxg2 49. b6 Rg4+ 50. Kd5 Rb4 51. Rb8 Bf6
52. Kd6 Rd4+ 53. Kc5 Bb3 54. b7 Rc4+ 55. Kd6 Rd4+ 56. Kc5 Rc4+ 57. Kd6 Rd4+ 58.
Kc7 Rc4+ 59. Kd7 Rd4+ 60. Kc7 Rc4+ 61. Kd6 1/2-1/2

[Event "AUTO-ADV-4738"]
[Site "http://www.queenalice.com/game.php?id=1822965"]
[Date "2023.10.13"]
[Round "1"]
[White "BeatifulDevil56"]
[Black "LYUSS"]
[Result "1-0"]
[WhiteElo "2005"]
[BlackElo "1745"]

1. c4 e5 2. Nc3 Nc6 3. Nf3 Bd6 4. d3 Nf6 5. Bg5 h6 6. Bh4 g5 7. Bg3 O-O 8. h4 g4
9. Nh2 Nd4 10. e3 Nc6 11. Nxg4 Kh7 12. Nxf6+ Qxf6 13. Ne4 Qg7 14. Nxd6 cxd6 15.
a3 b6 16. e4 Nd4 17. Be2 f5 18. exf5 Rxf5 19. Bg4 Rf6 20. O-O Bb7 21. Bh3 Raf8
22. Qg4 Rg6 23. Qxd7 Ne2+ 24. Kh2 Rxg3 25. Qxg7+ Rxg7 26. f3 1-0

[Event "AUTO-ADV-4738"]
[Site "http://www.queenalice.com/game.php?id=1822966"]
[Date "2023.10.13"]
[Round "1"]
[White "LYUSS"]
[Black "BeatifulDevil56"]
[Result "0-1"]
[WhiteElo "1751"]
[BlackElo "1999"]

1. e4 e5 2. Nc3 Bc5 3. Nf3 d6 4. Bc4 h6 5. d4 exd4 6. Nxd4 Bxd4 7. Qxd4 Nc6 8.
Qxg7 Qf6 9. Bxf7+ Qxf7 10. Qxh8 Be6 11. Bxh6 O-O-O 12. Bg5 Re8 13. e5 Nxe5 14.
Ne4 Ng6 15. Qd4 Bf5 16. f3 Bxe4 17. fxe4 b6 18. b3 Qe6 19. O-O Qxe4 20. Qg7 Nh4
21. Rf2 Qg6 22. Qxg6 Nxg6 23. Rf7 Ne5 24. Re1 Nf3+ 25. Kf2 Nxe1 26. c4 Nd3+ 27.
Kg3 Ne5 28. Rf1 Ne7 0-1

[Event "AUTO-ADV-4738"]
[Site "http://www.queenalice.com/game.php?id=1822973"]
[Date "2023.10.13"]
[Round "1"]
[White "LYUSS"]
[Black "Mateuzao_99"]
[Result "0-1"]
[WhiteElo "1772"]
[BlackElo "1998"]

1. e4 e5 2. Nc3 Nf6 3. Nf3 Nc6 4. Bc4 Bc5 5. d3 h6 6. a3 a5 7. Na4 Ba7 8. h3 d6
9. c3 Bd7 10. Bb5 Ne7 11. Qb3 O-O 12. d4 Bxb5 13. Qxb5 Qd7 14. c4 Qxb5 15. cxb5
Nxe4 16. Be3 Nf5 17. g3 exd4 18. Bf4 Rfe8 19. g4 Neg3+ 20. Kd2 Nxh1 21. Rxh1 Ne7
22. b3 Nd5 23. Bg3 Re4 24. Nb2 Rae8 25. Ng1 Re1 26. f3 R1e3 27. Nc4 Rxb3 28. Bf2
Rxb5 29. Ne2 Rb3 30. Nxa5 Rb2+ 31. Kd3 Rexe2 32. Be1 Nf4+ 33. Kc4 b5# 0-1

[Event "AUTO-ADV-4738"]
[Site "http://www.queenalice.com/game.php?id=1822974"]
[Date "2023.10.13"]
[Round "1"]
[White "Mateuzao_99"]
[Black "LYUSS"]
[Result "0-1"]
[WhiteElo "2014"]
[BlackElo "1745"]

1. e4 e5 2. Nf3 Nc6 3. Bc4 Nf6 4. d3 h6 5. Nc3 Bd6 6. h3 O-O 7. O-O a6 8. a4 Nd4
9. Ne2 Nxf3+ 10. gxf3 Bc5 11. d4 d5 12. dxc5 dxc4 13. Be3 Qe7 14. Kh2 Qe6 15.
Ng1 Bd7 16. Re1 Rad8 17. Qe2 Nh5 18. Qf1 f5 19. Qg2 f4 20. Bc1 a5 21. Ra3 b6 22.
cxb6 Qxb6 23. Ne2 g5 24. h4 g4 25. fxg4 Nf6 26. g5 Ng4+ 27. Kg1 f3 0-1

[Event "AUTO-ADV-4757"]
[Site "http://www.queenalice.com/game.php?id=1828761"]
[Date "2024.1.8"]
[Round "1"]
[White "WHUSIRO"]
[Black "LYUSS"]
[Result "1-0"]
[WhiteElo "1972"]
[BlackElo "1746"]

1. e4 e5 2. Nf3 Nc6 3. c3 Nf6 4. d3 Bd6 5. Be2 h6 6. h3 Bc5 7. Be3 d6 8. Bxc5
dxc5 9. Nbd2 O-O 10. O-O Nh5 11. Nxe5 Nxe5 12. Bxh5 Qg5 13. Bg4 Nxg4 14. hxg4
Bxg4 15. f4 Qh5 16. Nf3 f5 17. e5 Rad8 18. Qd2 c4 19. d4 c5 20. d5 Bxf3 21. Rxf3
Qf7 22. Rd1 Rxd5 23. Qxd5 Kh7 24. e6 Qe7 25. Qd7 Qh4 26. e7 Rf7 27. e8=Q Qf6 28.
Qexf7 1-0

[Event "AUTO-ADV-4757"]
[Site "http://www.queenalice.com/game.php?id=1828762"]
[Date "2024.1.8"]
[Round "1"]
[White "LYUSS"]
[Black "WHUSIRO"]
[Result "0-1"]
[WhiteElo "1752"]
[BlackElo "2007"]

1. e4 c5 2. c4 Nc6 3. Nf3 d6 4. h3 Nf6 5. Nc3 e6 6. d3 Be7 7. g4 h6 8. d4 cxd4
9. Nxd4 Bd7 10. a3 e5 11. Nf3 a6 12. b4 Qc7 13. Be3 Na7 14. Qb3 Rc8 15. c5 dxc5
16. Na4 c4 17. Qc2 Bxa4 18. Qxa4+ Nb5 19. Rc1 Nxe4 20. Bxc4 Qd7 21. Bd3 Rxc1+
22. Bxc1 Qxd3 23. Nxe5 Qc3+ 24. Ke2 Qxe5 25. Be3 Nc3+ 0-1

[Event "AUTO-ADV-4757"]
[Site "http://www.queenalice.com/game.php?id=1828775"]
[Date "2024.1.8"]
[Round "1"]
[White "Connor"]
[Black "LYUSS"]
[Result "1/2-1/2"]
[WhiteElo "1835"]
[BlackElo "1739"]

1. d4 d5 2. e3 a6 3. Nf3 Nc6 4. c4 Nf6 5. Nc3 Bf5 6. cxd5 Nxd5 7. Nxd5 Qxd5 8.
Bd3 e6 9. Bxf5 exf5 10. Bd2 Be7 11. a3 a5 12. Rc1 Ra6 13. O-O f6 14. Re1 Qe4 15.
Bc3 Qd5 16. Qe2 Qe4 17. Qc2 Qg4 18. Qb3 Rb6 19. Qc4 Nd8 20. Qxc7 Rc6 21. Qxa5
O-O 22. Bb4 Ra6 23. Qb5 Bxb4 24. Qxb4 Rf7 25. Qc4 Rc6 26. Qe2 Rfc7 27. Rxc6 Rxc6
28. h3 Qe4 29. Rd1 Qd5 30. Nh4 Qe4 31. Nf3 Rc2 32. Rd2 Rc1+ 33. Rd1 Rc6 1/2-1/2

[Event "AUTO-ADV-4757"]
[Site "http://www.queenalice.com/game.php?id=1828776"]
[Date "2024.1.8"]
[Round "1"]
[White "LYUSS"]
[Black "Connor"]
[Result "1-0"]
[WhiteElo "1734"]
[BlackElo "1777"]

1. e4 e5 2. Nf3 d6 3. d4 exd4 4. Qxd4 Nc6 5. Qa4 Bd7 6. Qb3 b6 7. Ng5 Qe7 8. Bc4
Ne5 9. Bd5 Bc6 10. Nxf7 Nxf7 11. Bxc6+ Kd8 12. Bxa8 Nf6 13. Nc3 Ne5 14. Nd5 Nxd5
15. Bxd5 1-0

[Event "AUTO-ADV-4757"]
[Site "http://www.queenalice.com/game.php?id=1828785"]
[Date "2024.1.8"]
[Round "1"]
[White "LYUSS"]
[Black "altair"]
[Result "0-1"]
[WhiteElo "1653"]
[BlackElo "1763"]

1. e4 e5 2. Nf3 d6 3. h3 a6 4. d4 Nc6 5. d5 Nce7 6. c4 Nf6 7. Bd3 g6 8. g4 Bd7
9. b3 Bg7 10. Nc3 c6 11. Be3 O-O 12. Qd2 cxd5 13. exd5 Rb8 14. a4 b5 15. axb5
axb5 16. cxb5 Nfxd5 17. Ra6 Bc8 18. Ra4 Nxc3 19. Rc4 Nxb5 20. Rb4 e4 21. Bxe4
Bc3 22. Rxb5 Bxd2+ 23. Nxd2 Rxb5 24. Bh6 Re8 25. O-O d5 26. Bd3 Rb4 27. Bg5 Qd6
28. Be3 d4 29. Bh6 Qd5 30. Ne4 Qe5 31. f4 Qe6 32. f5 Qxb3 33. Nf6+ Kh8 34. Bb1
Qg3+ 35. Kh1 Rxb1 36. Rxb1 Rd8 37. Rb8 Qxh3+ 38. Kg1 Qxh6 0-1

[Event "AUTO-ADV-4757"]
[Site "http://www.queenalice.com/game.php?id=1828786"]
[Date "2024.1.8"]
[Round "1"]
[White "altair"]
[Black "LYUSS"]
[Result "1-0"]
[WhiteElo "1775"]
[BlackElo "1641"]

1. e4 e5 2. Nf3 Nc6 3. a3 a6 4. Nc3 b5 5. g3 Bc5 6. d3 Nf6 7. Bg5 h6 8. Bxf6
Qxf6 9. Bg2 g5 10. Nd5 Qd6 11. O-O f5 12. b4 Ba7 13. c4 f4 14. c5 Qg6 15. Nxc7+
Kd8 16. Nxa8 Bb7 17. Nb6 d6 18. Nd2 g4 19. Nd5 Nd4 20. gxf4 exf4 21. Nxf4 Qf7
22. Qxg4 Bc8 23. Qh4+ Kc7 24. Nd5+ Kc6 25. cxd6 Rg8 26. Rfc1+ Kxd6 27. Qxh6+ Rg6
28. Qf4+ Ke6 29. Qxf7+ Kxf7 30. Rxc8 Ne6 31. Nf3 Kg7 32. Ne5 Rh6 33. Ra8 Bd4 34.
Ne7 Rf6 35. Rg8+ Kh7 36. Ng4 Rf7 37. Re8 Bxa1 38. Nc6 Ng7 39. Re7 Rf4 40. Nce5
Rf8 41. Ra7 1-0

[Event "AUTO-ADV-4770"]
[Site "http://www.queenalice.com/game.php?id=1832359"]
[Date "2024.2.26"]
[Round "1"]
[White "NickThorp"]
[Black "LYUSS"]
[Result "1-0"]
[WhiteElo "1424"]
[BlackElo "1705"]

1. e4 e5 2. Nf3 Nc6 3. Bb5 f6 4. d3 Nd4 5. Nxd4 exd4 6. O-O c6 7. Bc4 Ne7 8. Bf4
d5 9. exd5 cxd5 10. Bb5+ Nc6 11. h3 a6 12. Bxc6+ bxc6 13. Qf3 g5 14. Bg3 1-0

[Event "AUTO-ADV-4770"]
[Site "http://www.queenalice.com/game.php?id=1832360"]
[Date "2024.2.26"]
[Round "1"]
[White "LYUSS"]
[Black "NickThorp"]
[Result "0-1"]
[WhiteElo "1678"]
[BlackElo "1451"]

1. e4 e5 2. Nc3 Nc6 3. Nf3 Bb4 4. Nd5 Ba5 5. a3 d6 6. c3 Be6 7. h3 Nf6 8. Nxf6+
Qxf6 9. Qa4 O-O 10. Qb5 Bb6 11. Qa4 h6 12. d4 exd4 13. cxd4 Nxd4 0-1

[Event "AUTO-ADV-4770"]
[Site "http://www.queenalice.com/game.php?id=1832377"]
[Date "2024.2.26"]
[Round "1"]
[White "LYUSS"]
[Black "maurice916"]
[Result "0-1"]
[WhiteElo "1743"]
[BlackElo "1868"]

1. e4 c6 2. Nc3 d5 3. e5 Bf5 4. Qf3 e6 5. Qg3 h6 6. d3 Bb4 7. Bd2 g5 8. h4 g4 9.
f3 h5 10. Qf4 Be7 11. O-O-O Bxh4 12. Be1 Bg5 13. Bg3 Bxf4+ 14. Bxf4 Ne7 15. Be2
Nd7 16. fxg4 Bg6 17. gxh5 Bf5 18. h6 Ng6 0-1

[Event "AUTO-ADV-4770"]
[Site "http://www.queenalice.com/game.php?id=1832378"]
[Date "2024.2.26"]
[Round "1"]
[White "maurice916"]
[Black "LYUSS"]
[Result "1-0"]
[WhiteElo "1879"]
[BlackElo "1732"]

1. Nf3 d6 2. b3 Nc6 3. Bb2 f6 4. e3 a6 5. c4 e5 6. e4 Nge7 7. d4 Ng6 8. d5 Nce7
9. Nbd2 c5 10. a4 f5 11. Bd3 f4 12. Qc2 Bd7 13. Ng5 h6 14. Ngf3 Nc8 15. h3 a5
16. Be2 Qb6 17. O-O Be7 18. Rab1 1-0

[Event "AUTO-ADV-4770"]
[Site "http://www.queenalice.com/game.php?id=1832379"]
[Date "2024.2.26"]
[Round "1"]
[White "LYUSS"]
[Black "chessman"]
[Result "0-1"]
[WhiteElo "1713"]
[BlackElo "1908"]

1. e4 e6 2. Nf3 d5 3. e5 c5 4. c3 Nc6 5. Qa4 Bd7 6. Qf4 Be7 7. d4 cxd4 8. cxd4
Bb4+ 9. Nc3 Nge7 10. a3 Bxc3+ 11. bxc3 Ng6 12. Ng5 Nxf4 13. Bxf4 h6 14. Nf3 O-O
15. h4 a6 16. Rh3 Na5 17. Rg3 Kh8 18. h5 Nc4 19. O-O-O Nxa3 0-1

[Event "AUTO-ADV-4770"]
[Site "http://www.queenalice.com/game.php?id=1832380"]
[Date "2024.2.26"]
[Round "1"]
[White "chessman"]
[Black "LYUSS"]
[Result "1-0"]
[WhiteElo "1899"]
[BlackElo "1722"]

1. e4 e5 2. Nf3 Nc6 3. Bc4 Na5 4. Be2 Nf6 5. Nc3 Bd6 6. O-O a6 7. d3 h6 8. a3 b5
9. Be3 c5 10. Nd2 O-O 11. f4 exf4 12. Bxf4 Qc7 13. Bxd6 Qxd6 14. Nf3 Nc6 15. Re1
Qf4 16. Qd2 Qd6 17. Red1 Ng4 18. h3 Nge5 19. d4 Nxf3+ 20. Bxf3 1-0